000 05613nam a2200421 a 4500
001 dia_1690
003 CHAP
005 20250602093936.0
007 ta
008 220117s2002 mx ado frm 00| 0 spa d
010 _a172235
040 _amxchpua
_cCHAP
041 0 _aspa
_beng
090 _aTesis
_bG35
_c2002
100 1 _aGalicia García, Tomás
245 1 0 _aNixtamalización de maíz integral por extrusión para la producción de harina de maíz /
_cTomás Galicia García
264 _aChapingo, México:
_bEl autor,
_c2002
300 _aVI, 104 hojas :
_bilustraciones, tablas, gráficas, fotografías
336 _2rdacontent
_atexto
_btxt
337 _2rdamedia
_ano mediado
_bn
338 _2rdacarrier
_avolumen
_bnc
502 _aTesis
_b(Ingeniero Agroindustrial) --
_cUACh. Departamento de Ingeniería Agroindustrial,
_d2002
504 _aBibliografía : hojas 93-100
520 3 _aEI harina del grano de malz entero o harina de maiz integral (HMI), fue acondicionada a distintos valores de humedad desde 19 a 35%, concentración de cal de 0.064 a 0.73% p/p y temperatura de 88 C a 121 C, fue extrudido utilizando un extrusor de simple tornillo de fabricación nacional (CICATA-IPN),a una velocidad del extrusor de 25 rpm (30 Hz) y una tasa de compresión 1:1 con un diámetro de salida de %", el extrudido fue secado y posteriormente molido en un molino de martillos Micropulverizer 2TH con una malla de orificios circulares de 0.25 mm (US N°60), obteniendo asl Harina de Maiz Nixtamalizada por extrusión (HMNE). Se evaluaron cambios ocurridos en algunos componentes químicos en HMI y HMNE; físicos y reológicos en HMNE. A las masas y tortillas elaboradas con HMNE se evaluó rendimiento y textura. Las HNME presentaron cambios en su contenido de nitrógeno, cenizas y carbohidratos, así como una disminución en el contenido de lipidos. Las variables de temperatura de extrusión y contenido de humedad de la materia prima influenciaron la densidad aparente (DAP),indice de solubilidad en agua (ISA) e índice de absorción en agua (IAA). La temperatura de extrusión ejerció un papel importante en el incremento y disminución de la viscosidad a 90 y 50 °C. EI rendimiento en masa se incrementó conforme las variables de temperatura de extrusión, contenido de humedad y concentración de cal fueron menores en la elaboración de HMNE, presentando rendimientos mayores con relación a las masas y harinas preparadas por el proceso tradicional en aproximadamente 20 %. La alta concentración de cal y contenido de humedad influyeron en una elevada cohesividad presentada en tortilla, asi como la alta temperatura de extrusión y bajo contenido de humedad influyeron en la extensibilidad de la tortilla. Las tortillas elaboradas con HMNE presentaron buena rolabilidad e inflado. Las masas y tortllas preparadas con HMNE con 27.5 % de humedad, 0.4 % plp de concentración de cal y 105 °℃ de temperatura de extrusión presentaron caracteristicas similares a las tortillas elaboradas por el proceso tradicional.
520 3 _aThe flour obtained of the whole com kernel or corn integral flour (CIF), was prepared for differents values of moisture from 19 to 35%, lime concentration of 0.064 to 0.73% w/w and temperature of 88°C to 121°C. was extruded using a single screw extruder (CICATA-IPN) with a compression screw ratio of 1:1, screw speed of 25 rpm (30 Hz) and a %"(inches) die nozzle, the extruded product were dried and milled in hammer mill Micropulverizer 2TH with a US N°60 mesh, obtained the corn nixtamalised flour for extrusion (CNFE). The changes occurring in any chemicals components in CIF and CNFE; physical and reologicals in CNFE. The masas and tortillas make with CNFE was evaluated the yield and texture. The extruded nixtamalised maize flours had a significant effect on nitrogen, ash, carbohydrates and lipids contents. The barrel temperature and feed moisture of the raw material influenced the response variables of water solubility index (WSI), water absorption index <(WAl) and apparent density (AP). Barrel temperature had significant effect on flour viscosity at 90 and 50°C. Lower barrel temperature, feed moisture and lime concentration during extrusion process increased the yield of masa, this yield was of 20%than these obtained with masa and tortilla prepared by the traditional process. The higher lime concentrations and feed moisture found higher values of cohesives. Tortillas prepared with extruded nixtamalised flours showed good characteristics of puffing and rollability. The masas and tortillas prepared with CNFE with 27.5% of eed moisture, 0.4% wlw lime concentration and 105°℃ of barrel temperatureshowed similar characteristics to these tortilas prepared by the traditional process. In the nixtamalization process for extrusion not produce the cooking licor (nejayote), the contaminate its null, the process time and the using energy, they are minor in comparation whit the more process of nixtamalization propose.
650 1 3 _aHarina de maíz
_2atg
650 1 3 _aNixtamalizacion
_xMaíz
_2atg
650 1 3 _aCorn flour
_2atg
650 1 3 _aNixtamalization
_2atg
_xCorn
700 1 _aMartínez Bustos, Fernando
_edirector
700 1 _aBuendía González, María Ofelia
_easesora
700 1 _aVázquez Carrillo, María Gricelda
_easesora
856 4 1 _uhttp://10.13.5.2/tesis/2002_GALICIA_GARCIA_TOMAS_Tesis.pdf
_yDESCARGAR PDF
901 _aTESIS G35 2002
902 _aM
905 _a0000002002 mx a 0000000000spa00
942 _cTESIS
_2Clasificación Universidad Autónoma Chapingo
999 _c172235
_d172235